Reindustrialization versus climate change. An evolving energy agenda?

Klimatická a energetická politika EÚ s prihliadnutím na želaný vývoj po r. 2020. Odporúčania pre pragmatickú a integračnú politiku, v snahe predísť nekonzistentnosti aplikovaných politík a ich cieľov v rámci EÚ, ale aj globálneho trhu. Klimatické zmeny vs. ekonomický rast a konkurencieschopnosť. EÚ...

Ausführliche Beschreibung

Gespeichert in:
Bibliographische Detailangaben
1. Verfasser: Ćwiek-Karpowicz, Jarosław
Weitere Verfasser: Gawlikowska-Fyk, Aleksandra
Format: Buchkapitel
Sprache:Englisch
Schlagworte:
Tags: Tag hinzufügen
Keine Tags, Fügen Sie das erste Tag hinzu!

MARC

LEADER 00000naa a2200000 4500
001 0183862
005 20231208103942.2
041 0 |a eng 
044 |a SK 
245 1 0 |a Reindustrialization versus climate change. An evolving energy agenda?  |c Jarosław Ćwiek-Karpowitz, Aleksandra Galikowska-Fyk 
520 |a Klimatická a energetická politika EÚ s prihliadnutím na želaný vývoj po r. 2020. Odporúčania pre pragmatickú a integračnú politiku, v snahe predísť nekonzistentnosti aplikovaných politík a ich cieľov v rámci EÚ, ale aj globálneho trhu. Klimatické zmeny vs. ekonomický rast a konkurencieschopnosť. EÚ a obnoviteľné a efektívne energetické zdoje. 
610 2 0 |a politika energetická 
610 2 0 |a Vyšehradská štvorka 
610 2 0 |a Európska únia 
610 2 0 |a politika ekologická 
610 2 0 |a politika environmentálna 
610 2 0 |a zdroje energetické 
100 1 |a Ćwiek-Karpowicz, Jarosław 
700 1 |a Gawlikowska-Fyk, Aleksandra